000 00389nam a2200157Ia 4500
003 GCL
008 140319s9999 xx 000 0 eng d
040 _aGCL /
_cGCL
082 0 4 _a291
_bT J
100 1 _aISMAEL, TAREK Y.
245 1 0 _aTHE JEWS IN THE HOLY QU'RAN AND TODAY /
_cISMAEL, TAREK Y.
300 _a365 P
650 0 4 _aJEWS
650 0 4 _aCOMPARATIVE RELIGION
942 _2ddc
_cBK
999 _c11892
_d11892